|
|
|
|
| LEADER |
02025nem a2200445 a 4500 |
| 001 |
mzk03001178277 |
| 003 |
CZ BrMZK |
| 005 |
20130708132301.0 |
| 007 |
aj|canzn |
| 008 |
074411s1760 au a||||||a|||||0|||ger|d |
| 034 |
1 |
|
|a a
|b 650000
|d E0120925
|e E0170434
|f N0511100
|g N0483000
|
| 040 |
|
|
|a BOE801
|b cze
|
| 041 |
0 |
|
|a ger
|a lat
|
| 043 |
|
|
|a e-xr---
|a e-xr-cc
|
| 072 |
|
7 |
|a 912:904
|x Staré mapy
|2 Konspekt
|9 7
|
| 080 |
|
|
|a (437.3)
|2 MRF
|
| 080 |
|
|
|a (084.3)
|2 MRF
|
| 100 |
1 |
|
|a Gütl, Philipp,
|d zemř. 1767
|4 aut
|
| 245 |
1 |
0 |
|a Mappa Geographica Totius Regni Bohemiae in XII. Provincias divisae adjunctis Comitatu Glacensi Regione Egrana et Limitibus finitimarum Provinciarum
|h [kartografický dokument] /
|c Philipp Gütl sculpsit; Bernardinus Erber
|
| 255 |
|
|
|a Měřítko [ca 1:650 000]. 8,8 cm = 8 něm. mil. 8,2 cm = 6 čes. mil
|c (012°09´25" v.d.--017°04´34" v.d./051°11´00" s.š.--048°30´00" s.š.)
|
| 260 |
|
|
|a Viennae :
|b [s.n.,
|c 1760]
|
| 300 |
|
|
|a 1 mapa :
|b mědirytina ;
|c 48 x 57 cm, na listu 53 x 75 cm, složeno na 19 x 20 cm
|
| 500 |
|
|
|a Výzdoba: V levém horním rohu ve štítu pohled na Vltavu a Karlův most se seznamem 12 krajů, vlevo dole vysvětlivky a měřítka, vpravo nahoře parergon s krajinou a alegorickými postavami, vpravo dole parergon s motivy řemesel
|
| 510 |
3 |
|
|a DNB
|
| 546 |
|
|
|a Názvy obcí německy, názvy krajů a ostatní text latinsky
|
| 561 |
|
|
|a Provenience: (stará signatura) 50.10
|
| 561 |
|
|
|a Provenience: (stará signatura) CIII
|
| 590 |
|
|
|a Uprostřed mapy jsou trhliny v přehybech
|
| 655 |
|
7 |
|a staré mapy
|7 fd674099
|2 czenas
|
| 651 |
|
7 |
|a Čechy (Česko)
|7 ge135869
|2 czenas
|
| 700 |
1 |
|
|a Erberg, Bernhard Freiherr von,
|d 1718-1773
|7 mzk2007381973
|4 aut
|
| 903 |
|
|
|a RP
|
| 910 |
|
|
|e BOE950
|c R - CXI (I.I.a)
|
| 978 |
|
|
|b S.n.
|a Wien
|c 1760
|
| 984 |
|
|
|a Vídeň
|b Rakousko
|
| 985 |
|
|
|a 1751-1800
|
| 990 |
|
|
|a MP
|
| 996 |
|
|
|e BOE950
|c R - CXI (I.I.a)
|
| 991 |
|
|
|k rajhrad
|
| 980 |
|
|
|c 290114
|g R - CXI (I.I.a)
|d 20070411
|t 5
|1 328100290114
|n J
|z KR
|